00805cam a22002297a 4500003000500000005001700005008004100022010000900063011000900072035000900081040000900090100002800099245009700127260004100224300002200265502009900287650002600386650002600412650002500438650005600463650005600519CHAP20220817040849.0971013s1990 r 00010 d a1693 a2665 a1860 cCHAP00aTafoya García, Pedro. 0aAlternativas óptimas de producción en la Unidad de Producción "18 de Julio" de la UACH aChapingo, Méx. :bEl autor,c1990. a60 h.e+ 6 anexos aTesis (Ing. Agr. Esp. en Economía Agrícola) -- UACH. Departamento de Economía Agrícola14aAgriculturaxDurango.14aGanaderíaxDurango.14aLechexProducción.14aProcesamiento automático de datos en agricultura.14aProcesamiento automático de datos en ganadería.